The second life of Abigail Walker /

Bullied by two mean girls in her sixth-grade class, a lonely, plump girl gains self-confidence and makes new friends after a mysterious fox gently bites her.

Bibliographic Details
Main Author: Dowell, Frances O'Roark
Format: Book
Language:English
Published: New York : Atheneum Books for Young Readers, [2012]
Edition:1st ed.
Subjects:

MARC

Tag First Indicator Second Indicator Subfields
LEADER 00000cam a2200000 a 4500
001 in00002783465
005 20150922150622.0
008 120419s2012 nyu c 000 1 eng
010 |a  2012010646 
020 |a 9781442405936 (hardcover) 
020 |a 1442405937 (hardcover) 
020 |a 9781442405950 (ebook) 
020 |a 1442405953 (ebook) 
029 1 |a NZ1  |b 14330660 
035 |a (OCoLC)ocn777602491 
035 |a (OCoLC)777602491 
040 |a DLC  |b eng  |c DLC  |d IG#  |d BTCTA  |d BDX  |d VKC  |d OCLCO  |d YDXCP  |d UIU  |d UtOrBLW 
042 |a lcac  |a pcc 
049 |a TXAM 
050 0 0 |a PZ7.D75455  |b Sd 2012 
082 0 0 |a [Fic]  |2 23 
100 1 |a Dowell, Frances O'Roark. 
245 1 4 |a The second life of Abigail Walker /  |c Frances O'Roark Dowell. 
250 |a 1st ed. 
264 1 |a New York :  |b Atheneum Books for Young Readers,  |c [2012] 
264 4 |c ©2012 
300 |a 228 pages ;  |c 20 cm. 
336 |a text  |b txt  |2 rdacontent 
337 |a unmediated  |b n  |2 rdamedia 
338 |a volume  |b nc  |2 rdacarrier 
521 1 |a Ages 8-12. 
520 |a Bullied by two mean girls in her sixth-grade class, a lonely, plump girl gains self-confidence and makes new friends after a mysterious fox gently bites her. 
650 1 |a Self-confidence  |v Fiction. 
650 1 |a Friendship  |v Fiction. 
650 1 |a Overweight persons  |v Fiction. 
650 1 |a Human-animal relationships  |v Fiction. 
650 0 |a Self-confidence  |v Juvenile fiction. 
650 0 |a Friendship  |v Juvenile fiction. 
650 0 |a Overweight persons  |v Juvenile fiction. 
650 0 |a Human-animal relationships  |v Juvenile fiction. 
938 |a Ingram  |b INGR  |n 9781442405936 
938 |a Baker and Taylor  |b BTCP  |n BK0010795884 
938 |a Brodart  |b BROD  |n 102753253  |c $16.99 
938 |a YBP Library Services  |b YANK  |n 8754977 
947 |a A14836013313 
945 |a PromptCat  |b 108296 
946 |a curr 
994 |a 92  |b TXA 
948 |a Cataloged  |b h  |c 2012/11/29  |d c  |e EGrant 
999 |a MARS 
999 f f |s 010cede5-fbc3-351a-812c-6d5e5778b05d  |i 928a9921-70b2-37a7-8d88-bcbb685c7e77  |t 0 
952 f f |p normal  |a Texas A&M University  |b College Station  |c Sterling C. Evans Library  |d Evans: Curriculum Collection (4th floor)  |t 0  |e PZ7.D75455 Sd 2012  |h Library of Congress classification  |i unmediated -- volume  |m A14836013313 
998 f f |a PZ7.D75455 Sd 2012  |t 0  |l Evans: Curriculum Collection (4th floor)